Geografia 6º ano (Record no. 68391)

MARC details
000 -LÍDER
campo de controle de tamanho fixo 00345 a2200157 4500
001 - NÚMERO DE CONTROLE
campo de controle 68391
020 ## - ISBN - INTERNATIONAL STANDARD BOOK NUMBER
ISBN - International Standard Book Number 9786556131627
040 ## - FONTE DA CATALOGAÇÃO
Instituição que transcreveu o registro Anchieta - Pituba
100 ## - ENTRADA PRINCIPAL--NOME PESSOAL
Nome pessoal Maria, Mateus de Godoi
240 10 - TÍTULO UNIFORME
Título uniforme Geografia 6º ano
Idioma da obra por
245 10 - TÍTULO
Título Geografia 6º ano
300 ## - DESCRIÇÃO FÍSICA
Extensão 192
362 0# - DATAS DE PUBLICAÇÃO E/OU DESIGNAÇÃO SEQUENCIAL
Datas de publicação e/ou designação sequencial 2023
650 #4 - ASSUNTO--TERMO TÓPICO
Cabeçalho tópico ou nome geográfico Geografia e viagens
942 ## - ELEMENTOS DE ENTRADA ADICIONADOS (KOHA)
Tipo de material Koha Livros
Holdings
Situação do descarte Situação das perdas Situação física Não pode ser emprestado Biblioteca de origem Biblioteca atual Data de aquisição Total de empréstimos Número de chamada completo Código de barras Data de último acesso Data do preço efetivo Tipo de material Koha
        Colégio Anchieta - Pituba Colégio Anchieta - Pituba 21/11/2023   910 G343g GEO 24000/PIT 21/11/2023 21/11/2023 Livros
        Colégio Anchieta - Pituba Colégio Anchieta - Pituba 21/11/2023   910 G343g GEO 24001/PIT 21/11/2023 21/11/2023 Livros